000 00472nam a2200181 a 4500
001 1765970623678
003 ACL
005 20251217165534.0
008 251217s2008##################000#0#eng##
020 _a9781580402927
082 0 4 _a641.56314
_bSMI
100 1 _aSmith, Chris,
_eauthor.
245 1 0 _aThe Diabetic Chef's Year-Round Cookbook :
260 _bAmerican Diabetes Association,
_c2008.
650 0 _aCooking.
942 _cENGLISH
040 _aACL
_beng
_cACL
999 _c603058
_d603058